| 000 | 00000nam 2200000zi 4500 |
| 001 | 9.869129 |
| 003 | CaOODSP |
| 005 | 20241118091647 |
| 006 | m o d f |
| 007 | cr ||||||||||| |
| 008 | 190301t20192019onc o f000 0 fre d |
| 020 | |a9780660298306 |
| 040 | |aCaOODSP|bfre|erda|cCaOODSP |
| 043 | |an-cn--- |
| 086 | 1 |aEn4-94/7-2019F-PDF |
| 245 | 00|aSachez stocker 7 : |bconfinement des rejets aux aires de transfert. |
| 264 | 1|a[Ottawa] : |bEnvironnement et Changement climatique Canada = Environment and Climate Change Canada, |c2019. |
| 264 | 4|c©2019 |
| 300 | |a1 ressource en ligne (2 pages) : |billustrations |
| 336 | |atexte|btxt|2rdacontent/fre |
| 337 | |ainformatique|bc|2rdamedia/fre |
| 338 | |aressource en ligne|bcr|2rdacarrier/fre |
| 500 | |aPublié aussi en anglais sous le titre : Tank tip 7: containment of releases at transfer areas. |
| 500 | |aTitre de départ. |
| 650 | 6|aRéservoirs de stockage de produits pétroliers|xDroit|zCanada. |
| 650 | 6|aProduits pétroliers|xStockage|xDroit|zCanada. |
| 710 | 1 |aCanada. |bEnvironnement et changement climatique Canada. |
| 775 | 08|tTank tip 7 : |w(CaOODSP)9.869128 |
| 794 | |tSachez stocker 7 : |b(2023)|w(CaOODSP)9.919536 |
| 856 | 40|qPDF|s916 Ko|uhttps://publications.gc.ca/collections/collection_2019/eccc/en4-94/En4-94-7-2019-fra.pdf |